[Event "25. LSS No Engine Cup Preliminary 7"]
[Site "Lechenicher SchachServer"]
[Date "2010.07.22"]
[Round "?"]
[White "Segovia, Didier"]
[Black "Basson, Heinrich"]
[Result "0-1"]
[WhiteElo "476"]
[BlackElo "1287"]
[PlyCount "34"]
[EventDate "2010.07.23"]

1. e4 e5 2. Nf3 Nc6 3. c3 Nf6 4. d3 Bc5 5. b4 Bb6 6. b5 Ne7 7. Nxe5 d6 8. Nc4
O-O 9. Bg5 Ng6 10. Be2 h6 11. Nxb6 axb6 12. Bxf6 Qxf6 13. O-O Be6 14. a4 Qg5
15. h3 Bxh3 16. Bf3 Nf4 17. Kh2 Bxg2 0-1

[Event "RN-2010-0-00303"]
[Site "Lechenicher SchachServer"]
[Date "2010.07.21"]
[Round "?"]
[White "Segovia, Didier"]
[Black "Mori, Roberto"]
[Result "0-1"]
[WhiteElo "476"]
[BlackElo "651"]
[PlyCount "24"]
[EventDate "2010.07.01"]

1. e4 e5 2. Nf3 Nc6 3. c3 Nf6 4. Bb5 Bd6 5. d3 h6 6. O-O O-O 7. Be3 a6 8. Bxc6
bxc6 9. Nbd2 Bb7 10. Nh4 Be7 11. Nf5 Kh7 12. Qg4 Nxg4 0-1

[Event "Antakya op"]
[Site "Antakya"]
[Date "2010.07.20"]
[Round "9"]
[White "Deviren, Erdi"]
[Black "Arat, Ufuk Sezen"]
[Result "0-1"]
[WhiteElo "1830"]
[BlackElo "1920"]
[PlyCount "56"]
[EventDate "2010.07.15"]
[EventType "swiss"]
[EventRounds "9"]
[EventCountry "TUR"]
[SourceTitle "CBM 137 Extra"]
[Source "ChessBase"]
[SourceDate "2010.09.01"]
[SourceVersion "1"]
[SourceVersionDate "2010.09.01"]
[SourceQuality "1"]

1. e4 e5 2. Nf3 Nc6 3. c3 Nf6 4. d4 exd4 5. e5 Nd5 6. Qb3 Nb6 7. cxd4 d5 8. Bb5
Be7 9. O-O Bg4 10. Be3 O-O 11. Nbd2 a6 12. Bxc6 bxc6 13. Rac1 Bd7 14. Ne1 Qc8
15. Nd3 Rb8 16. Qd1 Bf5 17. Qe2 Qb7 18. f4 Na4 19. b3 Qb5 20. bxa4 Qxd3 21. Qf3
Rb2 22. g4 Bxg4 23. Qg3 Bf5 24. Rfd1 Bh4 25. Qf3 Bg4 26. Nb3 Qg6 27. f5 Bxf5+
28. Kf1 Bg4 0-1

[Event "WC-2013-S-00001"]
[Site "Lechenicher SchachServer"]
[Date "2010.07.20"]
[Round "?"]
[White "Anderskewitz, Ralf"]
[Black "Fyhn, Karsten"]
[Result "1/2-1/2"]
[WhiteElo "2266"]
[BlackElo "2310"]
[PlyCount "73"]
[EventDate "2010.07.25"]
[SourceTitle "OM Corr 202003"]
[Source "Opening Master"]
[SourceDate "2019.05.30"]
[SourceVersion "2"]
[SourceVersionDate "2019.05.30"]
[SourceQuality "1"]

1. e4 e5 2. Nf3 Nc6 3. c3 d5 4. Qa4 f6 5. d3 Nge7 6. Be2 Be6 7. Be3 a6 8. O-O
Qd7 9. Nbd2 O-O-O 10. d4 dxe4 11. Nxe4 Nf5 12. Rad1 Qe8 13. Qc2 exd4 14. Bxd4
Kb8 15. Rfe1 Bd5 16. Ng3 Ncxd4 17. Nxd4 Nxd4 18. Rxd4 Bc5 19. Rd2 Bc6 20. Rxd8+
Qxd8 21. b4 Bd6 22. Nf5 Be5 23. Bc4 g6 24. Rd1 Qe8 25. Nd4 g5 26. h3 h5 27. Qd3
Be4 28. Qe3 Bg6 29. b5 axb5 30. Nxb5 b6 31. Nd4 Bf4 32. Qf3 Be4 33. Qe2 Bb7 34.
Qxe8+ Rxe8 35. Bb5 Re7 36. Nc6+ Bxc6 37. Bxc6 1/2-1/2

[Event "SA-2010-0-00141"]
[Site "Lechenicher SchachServer"]
[Date "2010.07.20"]
[Round "?"]
[White "Plank, Peter"]
[Black "Figura, Atila Gajo"]
[Result "1/2-1/2"]
[WhiteElo "1912"]
[BlackElo "2091"]
[PlyCount "32"]
[EventDate "2010.06.22"]
[SourceTitle "OM Corr 202003"]
[Source "Opening Master"]
[SourceDate "2019.05.30"]
[SourceVersion "2"]
[SourceVersionDate "2019.05.30"]
[SourceQuality "1"]

1. e4 e5 2. Nf3 Nc6 3. c3 d5 4. Qa4 f6 5. Bb5 Nge7 6. exd5 Qxd5 7. O-O e4 8.
Bxc6+ Qxc6 9. Qxc6+ bxc6 10. Nd4 c5 11. Nb5 Kd7 12. c4 Ng6 13. Rd1 Ne5 14. d4
Nd3 15. Nd2 f5 16. Nf3 cxd4 1/2-1/2

[Event "SN-00261"]
[Site "LSS"]
[Date "2010.07.19"]
[Round "?"]
[White "Zeidan, Mohammad"]
[Black "Wood, Brian"]
[Result "1-0"]
[WhiteElo "1766"]
[BlackElo "579"]
[PlyCount "65"]
[EventDate "2010.07.03"]

1. e4 e5 2. Nf3 Nc6 3. c3 d6 4. Bb5 a6 5. Ba4 Nf6 6. O-O Be7 7. Re1 b5 8. Bc2
O-O 9. h3 Bb7 10. d3 Re8 11. Nbd2 Bf8 12. Nf1 h6 13. Ng3 g6 14. Be3 Bg7 15. Qd2
Kh7 16. d4 exd4 17. cxd4 Re7 18. Rac1 Qd7 19. Bb1 Rae8 20. Bf4 Nd8 21. d5 c6
22. dxc6 Bxc6 23. Qxd6 Qxd6 24. Bxd6 Rd7 25. Bc5 Nb7 26. Bb6 Ng8 27. Rxc6 Rd6
28. Rxd6 Nxd6 29. b3 Nb7 30. Nd2 Bc3 31. Rd1 Ba5 32. Bxa5 Nxa5 33. f4 1-0

[Event "FICS rated standard game"]
[Site "FICS freechess.org"]
[Date "2010.07.18"]
[Round "?"]
[White "WolfiW"]
[Black "drinkeh"]
[Result "0-1"]
[WhiteElo "2199"]
[BlackElo "2064"]
[PlyCount "42"]
[EventDate "2010.??.??"]
[SourceTitle "OM Portal C 201906"]
[Source "Opening Master"]
[SourceDate "2019.06.27"]
[SourceVersion "1"]
[SourceVersionDate "2019.06.27"]
[SourceQuality "1"]

1. e4 e5 2. Nf3 Nc6 3. c3 d5 4. Bb5 f6 5. d4 dxe4 6. Nxe5 fxe5 7. Qh5+ Ke7 8.
Bxc6 bxc6 9. Bg5+ Nf6 10. dxe5 Qd5 11. Bh4 Ke6 12. Bxf6 gxf6 13. Qe8+ Kf5 14.
Qh5+ Ke6 15. Qe8+ Kf5 16. g4+ Kf4 17. Nd2 Bxg4 18. Qxa8 Qd3 19. f3 Bxf3 20.
Nxf3 Ke3 21. Qxa7+ c5 0-1

[Event "Hamburg St Pauli op-A"]
[Site "Hamburg"]
[Date "2010.07.16"]
[Round "7"]
[White "Michna, Christian"]
[Black "Wenzel, Birger"]
[Result "1-0"]
[WhiteElo "2249"]
[BlackElo "2069"]
[PlyCount "57"]
[EventDate "2010.07.10"]
[EventType "swiss"]
[EventRounds "9"]
[EventCountry "GER"]
[SourceTitle "EXT 2013"]
[Source "ChessBase"]
[SourceDate "2012.11.22"]
[SourceVersion "1"]
[SourceVersionDate "2012.11.22"]
[SourceQuality "1"]

1. e4 e5 2. Nf3 Nc6 3. c3 Nf6 4. d4 Nxe4 5. d5 Ne7 6. Nxe5 Ng6 7. Nxg6 hxg6 8.
Be3 Bd6 9. Nd2 Qe7 10. Qf3 Nxd2 11. Kxd2 Rh5 12. g4 Rxh2 13. Rxh2 Bxh2 14. Re1
Be5 15. Qh3 d6 16. f4 Bd7 17. Qh8+ Qf8 18. Qxf8+ Kxf8 19. fxe5 Bxg4 20. exd6
cxd6 21. Bf4 Rd8 22. Bb5 f6 23. Be2 Bf5 24. Bd3 Bxd3 25. Kxd3 g5 26. Bg3 f5 27.
Re6 f4 28. Bf2 Kf7 29. Ke4 1-0

[Event "ZN-01091"]
[Site "LSS"]
[Date "2010.07.15"]
[Round "?"]
[White "Aljbitskij, Pavel"]
[Black "Goepfert, Christian"]
[Result "1-0"]
[WhiteElo "800"]
[BlackElo "2082"]
[PlyCount "53"]
[EventDate "2010.07.05"]

1. e4 e5 2. Nf3 Nc6 3. c3 Bc5 4. d4 Bd6 5. d5 Nce7 6. Nbd2 c6 7. Nc4 Bc7 8. d6
Bb8 9. dxe7 Qxe7 10. Be3 Nf6 11. Qc2 d6 12. O-O-O O-O 13. Bg5 d5 14. exd5 h6
15. Bxf6 Qxf6 16. d6 Bf5 17. Bd3 Qe6 18. Ncxe5 Bxd6 19. Bxf5 Qf6 20. Ng4 Qe7
21. Rhe1 Bf4+ 22. Kb1 Qc5 23. Nd4 Rfe8 24. g3 Bg5 25. f4 Be7 26. Ne5 f6 27.
Be6+ 1-0

[Event "POL-chT U20 2nd div"]
[Site "Chelm Lubelski"]
[Date "2010.07.14"]
[Round "11"]
[White "Polok, Kacper"]
[Black "Palka, Dominika"]
[Result "1-0"]
[WhiteElo "2041"]
[BlackElo "1740"]
[PlyCount "123"]
[EventDate "2010.07.06"]
[EventType "team-tourn"]
[EventRounds "11"]
[EventCountry "POL"]
[SourceTitle "EXT 2011"]
[Source "ChessBase"]
[SourceDate "2010.11.26"]
[SourceVersion "1"]
[SourceVersionDate "2010.11.26"]
[SourceQuality "1"]

1. e4 e5 2. Nf3 Nc6 3. c3 Nf6 4. d4 exd4 5. e5 Nd5 6. cxd4 d6 7. Bb5 Be7 8. Nc3
Be6 9. O-O O-O 10. Bxc6 bxc6 11. Ne4 Rb8 12. b3 Bg4 13. h3 Bh5 14. Ng3 Bg6 15.
Bd2 Nb4 16. Bxb4 Rxb4 17. Rc1 Rb6 18. Re1 Qc8 19. exd6 Bxd6 20. Ne5 Bxe5 21.
Rxe5 Qa6 22. Qd2 Qd3 23. Qxd3 Bxd3 24. Rc3 Bb1 25. a3 Ra6 26. b4 f5 27. f4 g6
28. Ne2 Ba2 29. Nc1 Bd5 30. Nd3 Rb6 31. Kf2 Kf7 32. g3 Rd8 33. Ke3 Rd7 34. Rc5
Ra6 35. Rc3 Rb6 36. Nc1 Ra6 37. Ne2 Bg2 38. h4 Bd5 39. Ng1 Rb6 40. Nh3 Kf6 41.
Nf2 h5 42. Nd3 Kf7 43. Nb2 a5 44. Na4 Rb5 45. bxa5 Rxa5 46. Nc5 Ra7 47. a4 Kf6
48. Rc2 Re7 49. Rb2 Rf7 50. Rb8 Re7 51. Kd2 Kf7 52. Kc3 Kf6 53. Kb4 Kf7 54. a5
Kf6 55. a6 Rf7 56. Ka5 Bc4 57. Ree8 Re7 58. Ra8 Rxa8 59. Rxa8 Bxa6 60. Rxa6 Re3
61. Rxc6+ Ke7 62. Rxg6 1-0

[Event "Niedersachsen-ch Seniors op 13th"]
[Site "Bad Bevensen"]
[Date "2010.07.13"]
[Round "8"]
[White "Badenstedt, Hans Dieter"]
[Black "Foltas, Hermann"]
[Result "0-1"]
[WhiteElo "1780"]
[BlackElo "1875"]
[PlyCount "52"]
[EventDate "2010.07.06"]
[EventType "swiss"]
[EventRounds "9"]
[EventCountry "GER"]
[SourceTitle "EXT 2012"]
[Source "ChessBase"]
[SourceDate "2011.11.24"]
[SourceVersion "1"]
[SourceVersionDate "2011.11.24"]
[SourceQuality "1"]

1. e4 e5 2. Nf3 Nc6 3. c3 Nf6 4. d4 d5 5. dxe5 Nxe4 6. Bd3 Bg4 7. Be2 Bc5 8.
Nd4 Bxe2 9. Qxe2 Nxd4 10. cxd4 Bxd4 11. O-O c6 12. Nd2 O-O 13. Nxe4 dxe4 14.
Bf4 Qd5 15. Rad1 c5 16. b3 Rad8 17. Rfe1 Rfe8 18. Qxe4 Qxe4 19. Rxe4 Bxf2+ 20.
Kxf2 Rxd1 21. Re2 h6 22. Rc2 Rd5 23. Kf3 b6 24. h4 Rd3+ 25. Ke4 Rd4+ 26. Kf5
g6+ 0-1

[Event "Oberwart op"]
[Site "Oberwart"]
[Date "2010.07.13"]
[Round "4"]
[White "Platzgummer, Fabian"]
[Black "Huber, Martin Christian"]
[Result "1/2-1/2"]
[WhiteElo "2351"]
[BlackElo "1951"]
[PlyCount "41"]
[EventDate "2010.07.10"]
[EventType "swiss"]
[EventRounds "9"]
[EventCountry "AUT"]
[SourceTitle "CBM 137 Extra"]
[Source "ChessBase"]
[SourceDate "2010.09.01"]
[SourceVersion "1"]
[SourceVersionDate "2010.09.01"]
[SourceQuality "1"]

1. e4 e5 2. Nf3 Nc6 3. c3 d5 4. d3 dxe4 5. dxe4 Qxd1+ 6. Kxd1 Bc5 7. Ke1 f6 8.
Nbd2 a6 9. Bc4 Nge7 10. b4 Ba7 11. h3 Nd8 12. a4 Be6 13. Ke2 Kf7 14. g3 g6 15.
h4 h5 16. Rd1 Bxc4+ 17. Nxc4 Ke6 18. Ra2 Nf7 19. Na5 Nd6 20. Nd2 f5 21. f3
1/2-1/2

[Event "Oberwart op"]
[Site "Oberwart"]
[Date "2010.07.13"]
[Round "4"]
[White "Matt, Fabian"]
[Black "Binder, Michael"]
[Result "0-1"]
[WhiteElo "2053"]
[BlackElo "2270"]
[PlyCount "111"]
[EventDate "2010.07.10"]
[EventType "swiss"]
[EventRounds "9"]
[EventCountry "AUT"]
[SourceTitle "CBM 137 Extra"]
[Source "ChessBase"]
[SourceDate "2010.09.01"]
[SourceVersion "1"]
[SourceVersionDate "2010.09.01"]
[SourceQuality "1"]

1. e4 e5 2. Nf3 Nc6 3. c3 Nf6 4. d4 Nxe4 5. d5 Ne7 6. Nxe5 Ng6 7. Nxg6 hxg6 8.
Qe2 Qe7 9. Bf4 Rh5 10. g4 Rxd5 11. Bg2 Nc5 12. Qxe7+ Bxe7 13. Bxd5 Nd3+ 14. Kd2
Nxf4 15. Bb3 d5 16. f3 Be6 17. Na3 Kd7 18. Rad1 c5 19. Ke3 Bd6 20. Nc2 Kc6 21.
Kf2 Nh3+ 22. Kg2 Rh8 23. Ne3 Nf4+ 24. Kf2 g5 25. Bc2 g6 26. a4 Be5 27. Rde1 Bf6
28. Ng2 Nh3+ 29. Kg3 Kd6 30. Ne3 Be5+ 31. Kg2 Nf4+ 32. Kf2 d4 33. Rd1 Kc7 34.
cxd4 Bxd4 35. Rxd4 cxd4 36. Nf1 Bd5 37. Ng3 b6 38. Be4 Kd6 39. Ke1 Bb3 40. Ne2
Nxe2 41. Kxe2 Bxa4 42. Kd3 Ke5 43. Kc4 Rc8+ 44. Kb4 Bd7 45. h4 a5+ 46. Ka3 gxh4
47. Rxh4 Bc6 48. g5 Bd5 49. Ka4 Rd8 50. Kb5 Bxe4 51. Rxe4+ Kf5 52. Kxb6 d3 53.
Re1 d2 54. Rd1 Kxg5 55. Kxa5 Kf4 56. b4 0-1

[Event "Oberwart op"]
[Site "Oberwart"]
[Date "2010.07.13"]
[Round "4"]
[White "Csonka, Attila Istvan"]
[Black "Zoebisch, Herbert"]
[Result "1-0"]
[WhiteElo "2381"]
[BlackElo "2117"]
[PlyCount "89"]
[EventDate "2010.07.10"]
[EventType "swiss"]
[EventRounds "9"]
[EventCountry "AUT"]
[SourceTitle "CBM 137 Extra"]
[Source "ChessBase"]
[SourceDate "2010.09.01"]
[SourceVersion "1"]
[SourceVersionDate "2010.09.01"]
[SourceQuality "1"]

1. e4 e5 2. Nf3 Nc6 3. c3 Nf6 4. d4 Nxe4 5. d5 Ne7 6. Nxe5 Ng6 7. Nc4 Bc5 8.
Be3 Bxe3 9. Nxe3 O-O 10. Nd2 Nxd2 11. Qxd2 d6 12. O-O-O Qf6 13. g3 Bd7 14. f4
Rfe8 15. Bd3 Re7 16. h4 h5 17. Rde1 Rae8 18. Bc2 Nf8 19. Bd1 g6 20. Bc2 Qg7 21.
Bd1 f5 22. Nc2 Rxe1 23. Rxe1 Rxe1 24. Qxe1 Qf7 25. Bf3 a5 26. Qe3 b6 27. Qe2
Qe8 28. Qxe8 Bxe8 29. Nd4 Kf7 30. b4 axb4 31. cxb4 Ke7 32. Kb2 Bd7 33. Kb3 Kd8
34. Be2 Nh7 35. Ba6 Nf6 36. Bb7 Ne4 37. Nc6+ Bxc6 38. dxc6 b5 39. Ba6 d5 40.
Bxb5 Kc8 41. a4 Kb8 42. a5 d4 43. Bd3 Nd2+ 44. Kc2 Ne4 45. Bc4 1-0

[Event "Niedersachsen-ch Seniors op 13th"]
[Site "Bad Bevensen"]
[Date "2010.07.12"]
[Round "7"]
[White "Haak, Gerhard"]
[Black "Maczollek, Helmut"]
[Result "0-1"]
[WhiteElo "1201"]
[BlackElo "1387"]
[PlyCount "82"]
[EventDate "2010.07.06"]
[EventType "swiss"]
[EventRounds "9"]
[EventCountry "GER"]
[SourceTitle "EXT 2012"]
[Source "ChessBase"]
[SourceDate "2011.11.24"]
[SourceVersion "1"]
[SourceVersionDate "2011.11.24"]
[SourceQuality "1"]

1. e4 e5 2. Nf3 Nc6 3. c3 Nf6 4. Bd3 d6 5. Bc2 Be7 6. d3 O-O 7. h3 Nb8 8. Nbd2
c5 9. Bb3 Nc6 10. Bc4 Qc7 11. O-O Na5 12. Bd5 Be6 13. c4 Rab8 14. b3 Bxd5 15.
cxd5 b6 16. Nc4 b5 17. Nxa5 Qxa5 18. Bd2 Qb6 19. Be3 Rbc8 20. a4 a6 21. a5 Qb7
22. Nh2 c4 23. b4 cxd3 24. Qxd3 Rc4 25. f3 Rxb4 26. Bb6 Rc4 27. Rac1 Rfc8 28.
Qd2 Nd7 29. Qe3 h6 30. g3 Bg5 31. f4 exf4 32. gxf4 Bf6 33. Ng4 Bc3 34. Nf2 Bf6
35. Kg2 Nxb6 36. Qxb6 Qc7 37. Rxc4 Qxc4 38. Qxd6 Bd4 39. Qxa6 Bxf2 40. Rxf2
Qxe4+ 41. Kh2 Rc1 0-1

[Event "SN-2010-0-00259"]
[Site "Lechenicher SchachServer"]
[Date "2010.07.12"]
[Round "?"]
[White "Tobey, Al"]
[Black "Pauk, Jozef"]
[Result "0-1"]
[WhiteElo "596"]
[BlackElo "797"]
[PlyCount "26"]
[EventDate "2010.06.25"]

1. e4 Nc6 2. Nf3 e5 3. c3 d5 4. exd5 Qxd5 5. Be2 Nf6 6. O-O e4 7. Ne1 h5 8. Nc2
Bd6 9. Ne3 Qe5 10. g3 h4 11. Nc4 Qf5 12. Ne3 Qg6 13. Nc4 hxg3 0-1

[Event "Niedersachsen-ch Seniors op 13th"]
[Site "Bad Bevensen"]
[Date "2010.07.11"]
[Round "6"]
[White "Fleischer, Martin"]
[Black "Kohn, Willibald"]
[Result "1/2-1/2"]
[WhiteElo "1749"]
[BlackElo "1507"]
[PlyCount "106"]
[EventDate "2010.07.06"]
[EventType "swiss"]
[EventRounds "9"]
[EventCountry "GER"]
[SourceTitle "EXT 2012"]
[Source "ChessBase"]
[SourceDate "2011.11.24"]
[SourceVersion "1"]
[SourceVersionDate "2011.11.24"]
[SourceQuality "1"]

1. e4 e5 2. Nf3 Nc6 3. c3 Nf6 4. Qc2 Be7 5. Bb5 O-O 6. Bxc6 dxc6 7. Nxe5 Bd6 8.
Nc4 Nxe4 9. d3 Nf6 10. O-O h6 11. Be3 Bf5 12. Rd1 Re8 13. Qd2 Ng4 14. g3 b6 15.
b4 Qf6 16. Nba3 Re6 17. Nc2 Ne5 18. Nxe5 Bxe5 19. d4 Bd6 20. Ne1 Rae8 21. a4
Be4 22. Qe2 Qf5 23. Qf1 Qh5 24. h3 Qg6 25. Kh2 Bd5 26. Ng2 Qe4 27. Re1 Qg6 28.
Bd2 R6e7 29. Rxe7 Rxe7 30. Ne3 Be4 31. Qa6 Qf6 32. Qe2 Bf3 33. Qf1 h5 34. Re1
h4 35. Qg1 Qg6 36. Nf1 Rxe1 37. Bxe1 Be2 38. Ne3 hxg3+ 39. fxg3 Qe4 40. Bf2 f5
41. Qh1 Bf3 42. Qe1 f4 43. Nf1 fxg3+ 44. Nxg3 Qxe1 45. Bxe1 g6 46. Kg1 Bf4 47.
Kf2 Bxg3+ 48. Kxg3 Be2 49. Kf4 Kf7 50. Kg5 Kg7 51. Bg3 a6 52. Bxc7 b5 53. axb5
axb5 1/2-1/2

[Event "Niedersachsen-ch Seniors op 13th"]
[Site "Bad Bevensen"]
[Date "2010.07.10"]
[Round "5"]
[White "Haak, Gerhard"]
[Black "Freerksen, Uwe"]
[Result "1-0"]
[WhiteElo "1201"]
[BlackElo "1219"]
[PlyCount "95"]
[EventDate "2010.07.06"]
[EventType "swiss"]
[EventRounds "9"]
[EventCountry "GER"]
[SourceTitle "EXT 2012"]
[Source "ChessBase"]
[SourceDate "2011.11.24"]
[SourceVersion "1"]
[SourceVersionDate "2011.11.24"]
[SourceQuality "1"]

1. e4 e5 2. Nf3 Nc6 3. c3 d6 4. h3 Bd7 5. Bd3 g6 6. Bc2 Bg7 7. d3 Nge7 8. Be3
O-O 9. Qd2 f5 10. exf5 Nxf5 11. Bg5 Qe8 12. g4 Nfe7 13. Nh2 Kh8 14. f3 Ng8 15.
Na3 a6 16. O-O-O h6 17. Bh4 b5 18. Nb1 Be6 19. b3 a5 20. Kb2 b4 21. Bf2 bxc3+
22. Nxc3 Nb4 23. Bb1 Kh7 24. a3 Nd5 25. Ne4 Qe7 26. h4 c5 27. g5 h5 28. Bg3 Qb7
29. Nxd6 e4+ 30. Kc2 exd3+ 31. Qxd3 Bf5 32. Nxb7 Bxd3+ 33. Rxd3 Nb6 34. Bd6 c4
35. bxc4 Rf7 36. Nc5 Nxc4 37. Ba2 Nxa3+ 38. Rxa3 Rf5 39. Ne6 Rc8+ 40. Kd3 Rc6
41. Bg3 Ne7 42. Re1 Nd5 43. Nxg7 Nb4+ 44. Ke4 Rxg5 45. hxg5 Nc2 46. Rc1 Kxg7
47. Be5+ Kf8 48. Rxa5 1-0

[Event "Niedersachsen-ch Seniors op 13th"]
[Site "Bad Bevensen"]
[Date "2010.07.10"]
[Round "5"]
[White "Wiebke, Elfriede"]
[Black "Ludwig, Siegfried"]
[Result "1-0"]
[WhiteElo "1050"]
[BlackElo "1394"]
[PlyCount "77"]
[EventDate "2010.07.06"]
[EventType "swiss"]
[EventRounds "9"]
[EventCountry "GER"]
[SourceTitle "EXT 2012"]
[Source "ChessBase"]
[SourceDate "2011.11.24"]
[SourceVersion "1"]
[SourceVersionDate "2011.11.24"]
[SourceQuality "1"]

1. e4 e5 2. Nf3 Nc6 3. c3 Nf6 4. Bc4 d6 5. Ng5 d5 6. exd5 Nxd5 7. d4 Be7 8.
Nxf7 Qd7 9. Nxh8 Qe6 10. Qf3 e4 11. Qh5+ g6 12. Qxd5 Qxd5 13. Bxd5 Nd8 14. O-O
Bf5 15. Bf4 c6 16. Bc4 Bf6 17. Nd2 Bxh8 18. d5 b5 19. Bb3 c5 20. f3 Nb7 21.
fxe4 Bd7 22. Nf3 c4 23. Bc2 b4 24. Be5 Bxe5 25. Nxe5 Nd6 26. Nxd7 Kxd7 27. cxb4
Rb8 28. a3 Rc8 29. e5 Nb5 30. Rf7+ Ke8 31. Rxh7 Nd4 32. Bxg6+ Kf8 33. Rf1+ Kg8
34. h4 c3 35. bxc3 Rxc3 36. e6 Ne2+ 37. Kh2 Rh3+ 38. Kxh3 Nf4+ 39. Rxf4 1-0

[Event "Paracin op 3rd"]
[Site "Paracin"]
[Date "2010.07.10"]
[Round "2"]
[White "Brankovic, Dejan"]
[Black "Petrovic, Marija"]
[Result "1-0"]
[WhiteElo "2352"]
[BlackElo "2208"]
[PlyCount "75"]
[EventDate "2010.07.09"]
[EventType "swiss"]
[EventRounds "9"]
[EventCountry "YUG"]
[SourceTitle "CBM 137 Extra"]
[Source "ChessBase"]
[SourceDate "2010.09.01"]
[SourceVersion "1"]
[SourceVersionDate "2010.09.01"]
[SourceQuality "1"]

1. e4 e5 2. Nf3 Nc6 3. c3 d5 4. Bb5 f6 5. Qa4 Nge7 6. exd5 Qxd5 7. O-O Be6 8.
d4 e4 9. Nfd2 O-O-O 10. Bc4 Qf5 11. Re1 Bd5 12. Bxd5 Nxd5 13. Nxe4 Nb6 14. Qd1
h5 15. Nbd2 h4 16. h3 Kb8 17. Qf3 Qg6 18. Nb3 Nd7 19. Bf4 Rh5 20. Ned2 Re8 21.
Nc4 Rb5 22. Qd3 Qf7 23. d5 Rxe1+ 24. Rxe1 Nd8 25. d6 c6 26. Re7 Rd5 27. Rxf7
Rxd3 28. Rxd7 Rd1+ 29. Kh2 Ne6 30. Nc5 Kc8 31. Nxe6 Kxd7 32. Nxf8+ Ke8 33. d7+
Kxf8 34. Bd6+ Rxd6 35. Nxd6 Ke7 36. Nxb7 Kxd7 37. Kg1 Ke6 38. Kf1 1-0

[Event "FICGS__CHESS__RAPID_E__000031"]
[Site "FICGS"]
[Date "2010.07.10"]
[Round "1"]
[White "Melquiades, Jay"]
[Black "Quanter, Kirsty"]
[Result "0-1"]
[WhiteElo "814"]
[BlackElo "1054"]
[PlyCount "42"]
[EventDate "2010.??.??"]
[EventType "rapid"]

1. e4 e5 2. Nf3 Nc6 3. c3 d6 4. Bb5 Nge7 5. d4 a6 6. O-O axb5 7. Bg5 h6 8. Bxe7
Bxe7 9. Nbd2 exd4 10. Nxd4 Nxd4 11. cxd4 O-O 12. Re1 Bg5 13. Rc1 b6 14. f4 Bxf4
15. Rc3 Qh4 16. g3 Bg4 17. Qc2 Qg5 18. Rd3 Bxd2 19. Rxd2 Rxa2 20. h3 Bxh3 21.
Rde2 Qxg3+ 0-1

[Event "FICS rated standard game"]
[Site "FICS freechess.org"]
[Date "2010.07.10"]
[Round "?"]
[White "silvermaniaknight"]
[Black "centrifugo"]
[Result "1/2-1/2"]
[WhiteElo "2022"]
[BlackElo "2080"]
[PlyCount "143"]
[EventDate "2010.??.??"]
[SourceTitle "OM Portal C 201906"]
[Source "Opening Master"]
[SourceDate "2019.06.27"]
[SourceVersion "1"]
[SourceVersionDate "2019.06.27"]
[SourceQuality "1"]

1. e4 e5 2. Nf3 Nc6 3. c3 d5 4. Qa4 f6 5. exd5 Qxd5 6. Bb5 a6 7. Bxc6+ Qxc6 8.
Qxc6+ bxc6 9. O-O Bg4 10. d4 Bxf3 11. gxf3 Bd6 12. Be3 Ne7 13. Nd2 O-O 14. Rad1
exd4 15. Bxd4 Ng6 16. Nc4 Nh4 17. f4 Bxf4 18. Be3 Bxe3 19. fxe3 Rae8 20. Rd7
Rf7 21. Rfd1 Re4 22. b3 Rg4+ 23. Kf1 Rg2 24. R7d2 Rxd2 25. Rxd2 Nf3 26. Rd8+
Rf8 27. Rd7 Rc8 28. Kg2 Ng5 29. Na5 c5 30. c4 Ne4 31. Nc6 Kf8 32. Rd5 Re8 33.
h4 g6 34. Rd7 h6 35. Rxc7 Nc3 36. Kf3 Nd1 37. e4 Nc3 38. h5 gxh5 39. Rh7 Nxe4
40. Rxh6 Kg7 41. Rxh5 Ng5+ 42. Kf2 Kg6 43. Rh1 Kf5 44. Rh4 Re6 45. Na5 Re4 46.
Rxe4 Nxe4+ 47. Ke3 Nd6 48. Nc6 Nb7 49. b4 cxb4 50. Nxb4 a5 51. Nd3 Ke6 52. Kd4
Kd6 53. c5+ Kc6 54. a4 Nd8 55. Kc4 Ne6 56. Nf2 Nxc5 57. Kd4 Nxa4 58. Ng4 Nc5
59. Nxf6 Kb5 60. Kc3 Nb7 61. Kb3 Nd8 62. Ne4 Nf7 63. Nc3+ Ka6 64. Nd5 Kb5 65.
Nc3+ Ka6 66. Nd5 Ng5 67. Ka4 Ne4 68. Nc7+ Kb6 69. Nd5+ Ka6 70. Nc7+ Kb6 71.
Nd5+ Kc5 72. Kxa5 1/2-1/2

[Event "ZN-2010-0-01094"]
[Site "Lechenicher SchachServer"]
[Date "2010.07.10"]
[Round "?"]
[White "Aljbitskij, Pavel"]
[Black "Tobey, Al"]
[Result "1-0"]
[WhiteElo "828"]
[BlackElo "632"]
[PlyCount "73"]
[EventDate "2010.07.08"]

1. e4 e5 2. Nf3 Nc6 3. c3 d6 4. d4 Be7 5. Bc4 Na5 6. Be2 Bf6 7. O-O Ne7 8. Qa4+
Nac6 9. d5 Bd7 10. dxc6 Nxc6 11. Nbd2 a6 12. Qc2 O-O 13. Nc4 Re8 14. Be3 b5 15.
Ncd2 b4 16. a3 a5 17. cxb4 axb4 18. axb4 Nxb4 19. Qc4 Rb8 20. Rfc1 Be6 21. Qxc7
Qd7 22. Qxd7 Bxd7 23. Nc4 Be7 24. Ra7 Bg4 25. h3 Bxf3 26. Bxf3 Nc6 27. Rc7 Nb4
28. Nb6 Rbd8 29. Nd5 Nxd5 30. exd5 Bf6 31. b4 e4 32. Be2 Bb2 33. Rb1 Be5 34. b5
Ra8 35. b6 Ra1 36. Rxa1 Bxa1 37. b7 1-0

[Event "Niedersachsen-ch Seniors op 13th"]
[Site "Bad Bevensen"]
[Date "2010.07.08"]
[Round "3"]
[White "Skworzvov, Igor"]
[Black "Oldach, Ehrenfried"]
[Result "0-1"]
[WhiteElo "1737"]
[BlackElo "1986"]
[PlyCount "42"]
[EventDate "2010.07.06"]
[EventType "swiss"]
[EventRounds "9"]
[EventCountry "GER"]
[SourceTitle "EXT 2012"]
[Source "ChessBase"]
[SourceDate "2011.11.24"]
[SourceVersion "1"]
[SourceVersionDate "2011.11.24"]
[SourceQuality "1"]

1. e4 e5 2. Nf3 Nc6 3. c3 d5 4. exd5 Qxd5 5. h3 e4 6. Nh2 Nf6 7. Be2 Bd6 8. Nf1
Be6 9. Ne3 Qe5 10. b4 Nxb4 11. Na3 Nd3+ 12. Bxd3 exd3 13. Rb1 Bd5 14. Kf1 O-O
15. Nac4 Bxc4 16. Nxc4 Qe4 17. Nxd6 cxd6 18. f3 Qd5 19. Qb3 b6 20. c4 Qf5 21.
Bb2 Ne4 0-1

[Event "SLO-ch U20 qual"]
[Site "Otocec"]
[Date "2010.07.06"]
[Round "1"]
[White "Jaksa, Cvetko"]
[Black "Urbanc, Suzana"]
[Result "1-0"]
[WhiteElo "2060"]
[BlackElo "1664"]
[PlyCount "53"]
[EventDate "2010.07.06"]
[EventType "swiss"]
[EventRounds "9"]
[EventCountry "SLO"]
[SourceTitle "EXT 2012"]
[Source "ChessBase"]
[SourceDate "2011.11.24"]
[SourceVersion "1"]
[SourceVersionDate "2011.11.24"]
[SourceQuality "1"]

1. e4 e5 2. Nf3 Nc6 3. c3 Nf6 4. d4 d6 5. Be2 Bg4 6. O-O h6 7. Be3 Qd7 8. Nbd2
a6 9. d5 Ne7 10. b4 Ng6 11. a4 Be7 12. c4 Nf4 13. Bxf4 exf4 14. e5 Nh7 15. Re1
O-O 16. Rc1 b6 17. h3 Bxh3 18. gxh3 Qxh3 19. Bf1 Qh5 20. exd6 Bxd6 21. c5 Ng5
22. cxd6 Nh3+ 23. Bxh3 Qxh3 24. dxc7 f5 25. Re6 g5 26. Qf1 Qh5 27. Rcc6 1-0